[Event "Team men PL"]
[Site "Sochi"]
[Date "2020.11.25"]
[Round "6.1"]
[White "Vitiugov, Nikita"]
[Black "Artemiev, Vladislav"]
[Result "1/2-1/2"]
[BlackElo "2708"]
[WhiteElo "2722"]
[LiveChessVersion "1.4.8"]

1.e4 {[%clk 1:30:48]} e5 {[%clk 1:30:44]} 2.Nf3 {[%clk 1:31:06]}
Nc6 {[%clk 1:30:54]} 3.Bb5 {[%clk 1:31:18]} f5 {[%clk 1:30:48]}
4.d3 {[%clk 1:31:20]} fxe4 {[%clk 1:30:49]} 5.dxe4 {[%clk 1:31:43]}
Nf6 {[%clk 1:31:02]} 6.O-O {[%clk 1:31:52]} d6 {[%clk 1:31:08]}
7.Bc4 {[%clk 1:31:45]} Bg4 {[%clk 1:31:19]} 8.h3 {[%clk 1:31:57]}
Bh5 {[%clk 1:31:35]} 9.Nc3 {[%clk 1:31:24]} Be7 {[%clk 1:31:21]}
10.a3 {[%clk 1:23:50]} Qd7 {[%clk 1:27:19]} 11.Qd3 {[%clk 1:22:53]}
Rf8 {[%clk 1:15:37]} 12.Re1 {[%clk 1:01:24]} a6 {[%clk 0:57:12]}
13.b4 {[%clk 0:49:48]} h6 {[%clk 0:47:39]} 14.Nh4 {[%clk 0:39:59]}
Bf7 {[%clk 0:41:40]} 15.Nf5 {[%clk 0:37:18]} Bxc4 {[%clk 0:41:57]}
16.Qxc4 {[%clk 0:37:35]} Rf7 {[%clk 0:42:15]} 17.Nd5 {[%clk 0:32:47]}
Kf8 {[%clk 0:32:50]} 18.Be3 {[%clk 0:27:43]} Qe6 {[%clk 0:29:48]}
19.b5 {[%clk 0:22:28]} axb5 {[%clk 0:22:03]} 20.Qxb5 {[%clk 0:22:43]}
Qc8 {[%clk 0:21:05]} 21.Nxf6 {[%clk 0:18:05]} Bxf6 {[%clk 0:20:58]}
22.Reb1 {[%clk 0:17:42]} Na5 {[%clk 0:15:41]} 23.c4 {[%clk 0:14:30]}
Qe6 {[%clk 0:13:54]} 24.Qd5 {[%clk 0:12:48]} Qxd5 {[%clk 0:13:49]}
25.cxd5 {[%clk 0:13:10]} b6 {[%clk 0:11:13]} 26.Bd2 {[%clk 0:12:12]}
h5 {[%clk 0:08:04]} 27.Bxa5 {[%clk 0:05:42]} Rxa5 {[%clk 0:08:28]}
28.a4 {[%clk 0:06:09]} Bg5 {[%clk 0:03:56]} 29.h4 {[%clk 0:05:04]}
Bf4 {[%clk 0:02:12]} 30.g3 {[%clk 0:05:05]} g6 {[%clk 0:01:27]}
31.Nxd6 {[%clk 0:05:11]} cxd6 {[%clk 0:01:53]} 32.gxf4 {[%clk 0:05:38]}
Rxf4 {[%clk 0:02:15]} 33.Rxb6 {[%clk 0:05:49]} Rg4+ {[%clk 0:02:04]}
34.Kf1 {[%clk 0:03:10]} Rxh4 {[%clk 0:02:12]} 35.Ra3 {[%clk 0:03:32]}
Rxe4 {[%clk 0:02:32]} 36.Rxd6 {[%clk 0:03:58]} Raxa4 {[%clk 0:01:02]}
37.Rxa4 {[%clk 0:04:08]} Rxa4 {[%clk 0:01:27]} 38.Rxg6 {[%clk 0:04:36]}
Rd4 {[%clk 0:01:42]} 39.Rg5 {[%clk 0:04:50]} Rxd5 {[%clk 0:02:06]}
40.Rxh5 {[%clk 0:35:17]} Ke7 {[%clk 0:32:26]} 41.f4 {[%clk 0:35:43]}
Ke6 {[%clk 0:32:43]} 42.Rxe5+ {[%clk 0:36:08]} Rxe5 {[%clk 0:33:09]}
43.fxe5 {[%clk 0:36:32]} Kxe5 {[%clk 0:33:35]} 1/2-1/2

[Event "Team men PL"]
[Site "Sochi"]
[Date "2020.11.25"]
[Round "6.2"]
[White "Timofeev, Artyom"]
[Black "Matlakov, Maxim"]
[Result "1/2-1/2"]
[BlackElo "2685"]
[WhiteElo "2585"]
[LiveChessVersion "1.4.8"]

1.e4 {[%clk 1:30:51]} c5 {[%clk 1:30:15]} 2.Nc3 {[%clk 1:30:44]}
d6 {[%clk 1:30:28]} 3.g3 {[%clk 1:30:20]} g6 {[%clk 1:27:28]}
4.Bg2 {[%clk 1:25:41]} Bg7 {[%clk 1:27:36]} 5.d3 {[%clk 1:25:36]}
Nc6 {[%clk 1:27:25]} 6.Nf3 {[%clk 1:22:59]} Rb8 {[%clk 1:19:53]}
7.a4 {[%clk 1:22:03]} Nf6 {[%clk 1:15:25]} 8.O-O {[%clk 1:21:02]}
O-O {[%clk 1:14:52]} 9.h3 {[%clk 1:12:57]} a6 {[%clk 1:11:04]}
10.Be3 {[%clk 1:05:35]} b5 {[%clk 1:02:45]} 11.axb5 {[%clk 1:01:48]}
axb5 {[%clk 1:02:56]} 12.Qd2 {[%clk 0:47:00]} b4 {[%clk 0:57:58]}
13.Nd5 {[%clk 0:45:47]} Nd7 {[%clk 0:51:17]} 14.c3 {[%clk 0:41:30]}
e6 {[%clk 0:49:16]} 15.Nf4 {[%clk 0:41:51]} Nf6 {[%clk 0:43:35]}
16.Ne2 {[%clk 0:35:02]} Bb7 {[%clk 0:38:42]} 17.Bh6 {[%clk 0:32:57]}
bxc3 {[%clk 0:28:49]} 18.bxc3 {[%clk 0:32:34]} c4 {[%clk 0:29:09]}
19.Bxg7 {[%clk 0:30:57]} Kxg7 {[%clk 0:27:02]} 20.Qe3 {[%clk 0:16:27]}
cxd3 {[%clk 0:20:33]} 21.Nf4 {[%clk 0:13:49]} Qc7 {[%clk 0:15:55]}
22.Nxd3 {[%clk 0:12:44]} Rfc8 {[%clk 0:14:08]} 23.Nd2 {[%clk 0:06:18]}
Nd7 {[%clk 0:09:58]} 24.Rfc1 {[%clk 0:05:28]} Nce5 {[%clk 0:05:52]}
25.c4 {[%clk 0:04:27]} Nxd3 {[%clk 0:05:58]} 26.Qxd3 {[%clk 0:04:51]}
Nc5 {[%clk 0:05:52]} 27.Qe3 {[%clk 0:05:12]} Bc6 {[%clk 0:04:40]}
28.h4 {[%clk 0:04:58]} h5 {[%clk 0:04:36]} 29.Rd1 {[%clk 0:04:52]}
e5 {[%clk 0:04:26]} 30.Rdb1 {[%clk 0:03:30]} Bd7 {[%clk 0:03:13]}
31.Bf1 {[%clk 0:03:45]} Bc6 {[%clk 0:03:06]} 32.Bg2 {[%clk 0:03:46]}
Ra8 {[%clk 0:02:58]} 33.Nb3 {[%clk 0:03:02]} Bd7 {[%clk 0:03:19]}
34.Nxc5 {[%clk 0:02:00]} dxc5 {[%clk 0:03:16]} 35.Kh2 {[%clk 0:01:38]}
Rd8 {[%clk 0:02:40]} 36.Rxa8 {[%clk 0:01:28]} Rxa8 {[%clk 0:03:10]}
37.Bh3 {[%clk 0:01:44]} Bxh3 {[%clk 0:02:57]} 38.Kxh3 {[%clk 0:02:09]}
Rd8 {[%clk 0:03:15]} 39.Kg2 {[%clk 0:01:44]} Rd4 {[%clk 0:03:25]}
40.Qe2 {[%clk 0:31:24]} Qc6 {[%clk 0:32:54]} 41.Re1 {[%clk 0:18:47]}
Qd7 {[%clk 0:20:34]} 42.Rb1 {[%clk 0:15:02]} Qe6 {[%clk 0:18:05]}
43.Rb5 {[%clk 0:12:33]} Rxc4 {[%clk 0:17:22]} 44.Qa2 {[%clk 0:12:31]}
Rc3 {[%clk 0:04:57]} 45.Qxe6 fxe6 46.Rb7+ {[%clk 0:12:50]} Kf6
{[%clk 0:05:52]} 47.Rc7 {[%clk 0:12:34]} c4 {[%clk 0:06:20]}
48.Kf1 {[%clk 0:11:21]} Rc2 {[%clk 0:06:08]} 49.Kg2 {[%clk 0:11:21]}
c3 {[%clk 0:03:47]} 50.Kf3 {[%clk 0:11:06]} Rc1 {[%clk 0:04:01]}
51.Ke2 {[%clk 0:09:49]} Rc2+ {[%clk 0:02:57]} 1/2-1/2

[Event "Team men PL"]
[Site "Sochi"]
[Date "2020.11.25"]
[Round "6.5"]
[White "Ponkratov, Pavel"]
[Black "Samusenko, Maksim"]
[Result "1-0"]
[BlackElo "2466"]
[WhiteElo "2625"]
[LiveChessVersion "1.4.8"]

1.e4 {[%clk 1:30:56]} c5 {[%clk 1:30:48]} 2.Nf3 {[%clk 1:31:22]}
Nc6 {[%clk 1:31:06]} 3.d4 {[%clk 1:31:48]} cxd4 {[%clk 1:31:25]}
4.Nxd4 {[%clk 1:32:14]} Nf6 {[%clk 1:31:41]} 5.Nc3 {[%clk 1:32:40]}
e5 {[%clk 1:31:52]} 6.Ndb5 {[%clk 1:33:06]} d6 {[%clk 1:32:07]}
7.Bg5 {[%clk 1:33:31]} a6 {[%clk 1:32:19]} 8.Na3 {[%clk 1:33:57]}
b5 {[%clk 1:32:36]} 9.Nd5 {[%clk 1:34:22]} Be7 {[%clk 1:32:57]}
10.Bxf6 {[%clk 1:34:48]} Bxf6 {[%clk 1:33:20]} 11.c3 {[%clk 1:35:15]}
Bg5 {[%clk 1:33:14]} 12.Nc2 {[%clk 1:35:39]} Rb8 {[%clk 1:32:03]}
13.Be2 {[%clk 1:30:45]} O-O {[%clk 1:29:50]} 14.O-O {[%clk 1:31:10]}
a5 {[%clk 1:21:26]} 15.b4 {[%clk 1:30:22]} Be6 {[%clk 1:00:54]}
16.a4 {[%clk 1:25:04]} bxa4 {[%clk 1:00:33]} 17.Rxa4 {[%clk 1:12:00]}
axb4 {[%clk 0:58:27]} 18.Ncxb4 {[%clk 1:12:20]} Qd7 {[%clk 0:46:42]}
19.Ra6 {[%clk 1:01:05]} Nxb4 {[%clk 0:41:46]} 20.cxb4 {[%clk 1:01:18]}
Bxd5 {[%clk 0:35:31]} 21.Qxd5 {[%clk 1:01:38]} Rxb4 {[%clk 0:31:18]}
22.Rxd6 {[%clk 1:01:25]} Qb7 {[%clk 0:30:16]} 23.Bc4 {[%clk 0:57:23]}
Qxd5 {[%clk 0:26:59]} 24.Bxd5 {[%clk 0:57:44]} Rd8 {[%clk 0:27:20]}
25.Ra6 {[%clk 0:54:35]} Kh8 {[%clk 0:24:25]} 26.g3 {[%clk 0:51:37]}
f5 {[%clk 0:23:12]} 27.h4 {[%clk 0:51:43]} Bf6 {[%clk 0:22:58]}
28.Re1 {[%clk 0:52:05]} h6 {[%clk 0:21:27]} 29.Re2 {[%clk 0:50:30]}
Be7 {[%clk 0:15:19]} 30.Re6 {[%clk 0:50:29]} Bf6 {[%clk 0:14:22]}
31.Kg2 {[%clk 0:50:37]} Rd4 {[%clk 0:13:28]} 32.Ra6 {[%clk 0:48:27]}
Rb4 {[%clk 0:12:33]} 33.Ba8 {[%clk 0:47:58]} fxe4 {[%clk 0:09:35]}
34.Bxe4 {[%clk 0:48:15]} Rbd4 {[%clk 0:09:01]} 35.Kh3 {[%clk 0:47:56]}
Rd2 {[%clk 0:08:40]} 36.Rxd2 {[%clk 0:48:19]} Rxd2 {[%clk 0:09:06]}
37.Re6 {[%clk 0:48:42]} Kg8 {[%clk 0:06:36]} 38.Bg6 {[%clk 0:49:05]}
Rd8 {[%clk 0:07:02]} 39.Kg4 {[%clk 0:49:30]} Rf8 {[%clk 0:05:41]}
40.f3 {[%clk 1:18:58]} Rb8 {[%clk 0:31:20]} 41.Kh5 {[%clk 1:18:06]}
Kf8 {[%clk 0:26:21]} 42.g4 {[%clk 1:15:47]} Rc8 {[%clk 0:25:10]}
43.g5 {[%clk 1:13:29]} hxg5 {[%clk 0:23:17]} 44.hxg5 {[%clk 1:13:22]}
Be7 {[%clk 0:23:43]} 45.Be4 {[%clk 1:13:48]} Rd8 {[%clk 0:12:17]}
46.Rxe5 {[%clk 1:13:32]} Rd6 {[%clk 0:10:01]} 47.Bg6 {[%clk 1:09:14]}
Rd1 {[%clk 0:08:13]} 48.Bc2 {[%clk 1:05:33]} Rd6 {[%clk 0:06:56]}
49.Rf5+ {[%clk 1:04:30]} Ke8 {[%clk 0:06:03]} 50.Ba4+ {[%clk 1:04:12]}
Kd8 {[%clk 0:06:26]} 51.Rf7 {[%clk 1:04:29]} g6+ {[%clk 0:04:41]}
52.Kh6 {[%clk 1:04:47]} Rd5 {[%clk 0:03:58]} 53.f4 {[%clk 1:05:11]}
Rd4 {[%clk 0:04:17]} 54.Bc6 {[%clk 1:04:02]} Rc4 {[%clk 0:04:10]}
55.Bd5 {[%clk 1:03:41]} Rd4 {[%clk 0:04:13]} 56.Be6 {[%clk 1:04:01]}
Re4 {[%clk 0:03:06]} 57.Bh3 {[%clk 1:03:53]} Re3 {[%clk 0:02:25]}
58.Bg4 {[%clk 1:01:38]} Rg3 {[%clk 0:01:59]} 59.Be6 {[%clk 1:02:01]}
Re3 {[%clk 0:02:07]} 60.Bd5 {[%clk 1:02:24]} Rd3 {[%clk 0:01:31]}
61.Be4 {[%clk 1:02:42]} Rd4 {[%clk 0:00:56]} 62.Bxg6 {[%clk 1:03:01]}
Bd6 {[%clk 0:00:56]} 63.f5 {[%clk 1:03:21]} Rg4 {[%clk 0:00:37]}
64.Bh5 {[%clk 1:03:18]} Rh4 {[%clk 0:00:45]} 65.f6 {[%clk 1:03:29]}
Bf4 {[%clk 0:00:34]} 66.Rg7 {[%clk 1:03:52]} Rh1 {[%clk 0:00:34]}
67.Rg8+ {[%clk 1:04:15]} Kd7 {[%clk 0:01:00]} 68.f7 {[%clk 1:04:42]} 1-0

[Event "Team men PL"]
[Site "Sochi"]
[Date "2020.11.25"]
[Round "6.6"]
[White "Faizrakhmanov, Ramil"]
[Black "Goganov, Aleksey"]
[Result "1-0"]
[BlackElo "2602"]
[WhiteElo "2450"]
[LiveChessVersion "1.4.8"]

1.d4 {[%clk 1:30:56]} Nf6 {[%clk 1:30:56]} 2.c4 {[%clk 1:31:16]}
e6 {[%clk 1:31:22]} 3.Nf3 {[%clk 1:31:31]} d5 {[%clk 1:31:47]}
4.Nc3 {[%clk 1:31:38]} Nbd7 {[%clk 1:32:12]} 5.Bf4 {[%clk 1:31:09]}
dxc4 {[%clk 1:32:29]} 6.e3 {[%clk 1:30:31]} Nb6 {[%clk 1:32:32]}
7.Bxc4 {[%clk 1:29:47]} Nxc4 {[%clk 1:32:58]} 8.Qa4+ {[%clk 1:30:10]}
c6 {[%clk 1:33:19]} 9.Qxc4 {[%clk 1:30:32]} Nd5 {[%clk 1:32:58]}
10.Bg3 {[%clk 1:28:02]} Qb6 {[%clk 1:31:27]} 11.Qe2 {[%clk 1:27:02]}
Nxc3 {[%clk 1:16:03]} 12.bxc3 {[%clk 1:27:24]} Qb5 {[%clk 1:16:17]}
13.a4 {[%clk 1:14:15]} Qxe2+ {[%clk 1:16:33]} 14.Kxe2 {[%clk 1:14:39]}
Be7 {[%clk 1:05:59]} 15.Rhb1 {[%clk 1:11:46]} f6 {[%clk 1:05:40]}
16.a5 {[%clk 1:09:36]} Kf7 {[%clk 1:03:11]} 17.Nd2 {[%clk 1:07:43]}
c5 {[%clk 0:58:36]} 18.Ne4 {[%clk 1:05:43]} cxd4 {[%clk 0:58:17]}
19.cxd4 {[%clk 1:05:55]} Rd8 {[%clk 0:57:11]} 20.f3 {[%clk 0:55:50]}
Ke8 {[%clk 0:53:23]} 21.Rb2 {[%clk 0:53:28]} Rd5 {[%clk 0:34:50]}
22.Nc3 {[%clk 0:52:06]} Rd7 {[%clk 0:25:16]} 23.Nb5 {[%clk 0:51:37]}
Bd8 {[%clk 0:25:43]} 24.Rc2 {[%clk 0:50:12]} Rd5 {[%clk 0:25:38]}
25.Nd6+ {[%clk 0:47:11]} Kd7 {[%clk 0:26:02]} 26.Rac1 {[%clk 0:46:48]}
Rxd6 {[%clk 0:25:38]} 27.Bxd6 {[%clk 0:44:42]} Bxa5 {[%clk 0:26:05]}
28.Bc7 {[%clk 0:41:15]} Bb4 {[%clk 0:24:38]} 29.Ra1 {[%clk 0:41:06]}
a5 {[%clk 0:22:13]} 30.Bb6 {[%clk 0:40:47]} Ra6 {[%clk 0:21:09]}
31.Bc5 {[%clk 0:35:15]} Bxc5 {[%clk 0:20:49]} 32.dxc5 {[%clk 0:35:03]}
Kc6 {[%clk 0:20:31]} 33.Rca2 {[%clk 0:34:12]} Kb5 {[%clk 0:18:05]}
34.Rb2+ {[%clk 0:34:09]} Kc6 {[%clk 0:18:32]} 35.Rd2 {[%clk 0:34:14]}
Ra8 {[%clk 0:17:21]} 36.Rda2 {[%clk 0:24:24]} Kb5 {[%clk 0:16:03]}
37.Rd2 {[%clk 0:11:18]} Kc6 {[%clk 0:15:56]} 38.e4 {[%clk 0:08:50]}
e5 {[%clk 0:12:36]} 39.Ke3 {[%clk 0:05:44]} a4 {[%clk 0:09:21]}
40.Rd8 {[%clk 0:34:44]} a3 {[%clk 0:38:07]} 41.Rd3 {[%clk 0:32:03]}
a2 {[%clk 0:38:22]} 42.Rd2 {[%clk 0:32:27]} Be6 {[%clk 0:37:52]}
43.Rd6+ {[%clk 0:30:00]} Kxc5 {[%clk 0:37:52]} 44.Rxe6 {[%clk 0:30:25]}
b5 {[%clk 0:37:28]} 45.Kd3 {[%clk 0:30:00]} Kb4 {[%clk 0:37:37]}
46.Rb6 {[%clk 0:30:16]} Ra3+ {[%clk 0:26:57]} 47.Kc2 {[%clk 0:29:33]}
Rc3+ {[%clk 0:27:04]} 48.Kb2 {[%clk 0:27:07]} Re3 {[%clk 0:27:28]}
49.Rc6 {[%clk 0:27:32]} Re2+ {[%clk 0:27:40]} 50.Rc2 {[%clk 0:27:56]}
Rxc2+ {[%clk 0:28:07]} 51.Kxc2 {[%clk 0:28:22]} Ka3 {[%clk 0:28:33]}
52.Rd1 {[%clk 0:28:47]} 1-0

[Event "Team men PL"]
[Site "Sochi"]
[Date "2020.11.25"]
[Round "6.7"]
[White "Demchenko, Anton"]
[Black "Najer, Evgeniy"]
[Result "1/2-1/2"]
[BlackElo "2648"]
[WhiteElo "2626"]
[LiveChessVersion "1.4.8"]

1.e4 {[%clk 1:30:56]} e5 {[%clk 1:30:42]} 2.Nf3 {[%clk 1:31:18]}
Nc6 {[%clk 1:31:06]} 3.Bc4 {[%clk 1:31:37]} Bc5 {[%clk 1:31:03]}
4.d3 {[%clk 1:32:01]} Nf6 {[%clk 1:31:27]} 5.Bg5 {[%clk 1:32:11]}
h6 {[%clk 1:26:47]} 6.Bh4 {[%clk 1:32:34]} Be7 {[%clk 1:27:14]}
7.Bg3 {[%clk 1:32:41]} d6 {[%clk 1:27:39]} 8.a4 {[%clk 1:33:06]}
O-O {[%clk 1:27:41]} 9.h3 {[%clk 1:33:19]} Nh7 {[%clk 1:20:51]}
10.O-O {[%clk 1:21:27]} Ng5 {[%clk 1:19:52]} 11.Nbd2 {[%clk 1:18:12]}
Be6 {[%clk 1:11:08]} 12.Nxg5 {[%clk 1:10:37]} Bxg5 {[%clk 1:10:27]}
13.Bxe6 {[%clk 1:10:10]} fxe6 {[%clk 1:10:53]} 14.Nf3 {[%clk 1:10:19]}
Bf4 {[%clk 1:06:08]} 15.Bxf4 {[%clk 1:09:53]} Rxf4 {[%clk 1:05:24]}
16.c3 {[%clk 1:09:04]} Qe7 {[%clk 1:01:40]} 17.g3 {[%clk 1:05:52]}
Rf7 {[%clk 0:57:07]} 18.b4 {[%clk 1:05:16]} Raf8 {[%clk 0:54:47]}
19.Nh2 {[%clk 1:04:07]} a5 {[%clk 0:53:03]} 20.b5 {[%clk 1:02:41]}
Nb8 {[%clk 0:53:14]} 21.Ra2 {[%clk 0:58:17]} Nd7 {[%clk 0:53:27]}
22.Re1 {[%clk 0:57:55]} Kh7 {[%clk 0:52:36]} 23.Re3 {[%clk 0:57:15]}
Rf6 {[%clk 0:48:25]} 24.d4 {[%clk 0:50:54]} Qf7 {[%clk 0:43:32]}
25.Ng4 {[%clk 0:47:43]} Rf3 {[%clk 0:34:10]} 26.Rxf3 {[%clk 0:35:18]}
Qxf3 {[%clk 0:34:14]} 27.Qxf3 {[%clk 0:35:13]} Rxf3 {[%clk 0:34:38]}
28.Ne3 {[%clk 0:35:40]} exd4 {[%clk 0:31:49]} 29.cxd4 {[%clk 0:36:05]}
Nb6 {[%clk 0:32:16]} 30.Rc2 {[%clk 0:22:50]} Rf7 {[%clk 0:31:08]}
31.Nc4 {[%clk 0:23:05]} Nxc4 {[%clk 0:31:30]} 32.Rxc4 {[%clk 0:23:30]}
g5 {[%clk 0:25:50]} 33.Rc3 {[%clk 0:19:41]} Kg6 {[%clk 0:21:30]}
34.Kf1 {[%clk 0:17:57]} h5 {[%clk 0:13:40]} 35.Ke2 {[%clk 0:17:06]}
g4 {[%clk 0:06:11]} 36.f4 {[%clk 0:09:33]} gxh3 {[%clk 0:05:32]}
37.Kf3 {[%clk 0:07:29]} c6 {[%clk 0:03:54]} 38.b6 {[%clk 0:03:03]}
Rf8 {[%clk 0:04:12]} 39.Rc2 {[%clk 0:01:27]} Ra8 {[%clk 0:02:13]}
40.Rh2 {[%clk 0:31:13]} Ra6 {[%clk 0:32:17]} 41.Rb2 {[%clk 0:31:38]}
c5 {[%clk 0:13:22]} 42.e5 {[%clk 0:24:43]} c4 {[%clk 0:09:20]}
43.exd6 {[%clk 0:23:50]} Kf6 {[%clk 0:09:05]} 44.Rb5 {[%clk 0:10:16]}
c3 {[%clk 0:09:22]} 45.d5 {[%clk 0:04:01]} h2 {[%clk 0:02:47]}
46.Kg2 {[%clk 0:03:56]} Rxb6 {[%clk 0:03:06]} 47.d7 {[%clk 0:03:25]}
Rd6 {[%clk 0:03:34]} 48.dxe6 {[%clk 0:02:17]} Kxe6 {[%clk 0:02:04]}
49.Rc5 {[%clk 0:02:30]} Rd2+ {[%clk 0:02:04]} 50.Kh1 {[%clk 0:02:55]}
Kxd7 {[%clk 0:01:23]} 51.Rxc3 {[%clk 0:03:21]} Rb2 {[%clk 0:00:47]}
52.Rc5 {[%clk 0:01:54]} b5 {[%clk 0:00:51]} 53.Rxh5 {[%clk 0:02:19]}
bxa4 {[%clk 0:00:45]} 54.Rxa5 {[%clk 0:02:45]} Ra2 {[%clk 0:01:11]}
55.g4 {[%clk 0:01:59]} a3 {[%clk 0:01:34]} 56.g5 {[%clk 0:01:19]}
Rf2 {[%clk 0:00:54]} 57.Rxa3 {[%clk 0:01:04]} Rxf4 {[%clk 0:01:19]}
58.Kxh2 {[%clk 0:01:31]} Rg4 {[%clk 0:00:57]} 59.Ra5 {[%clk 0:01:36]}
Ke6 {[%clk 0:01:07]} 60.Kh3 {[%clk 0:01:59]} Rb4 {[%clk 0:01:03]}
61.Kg3 {[%clk 0:01:59]} Kf7 {[%clk 0:01:22]} 62.Ra6 {[%clk 0:02:23]}
Kg7 {[%clk 0:01:45]} 63.Rf6 {[%clk 0:02:49]} Ra4 {[%clk 0:02:05]}
64.Rf4 {[%clk 0:03:14]} Rxf4 {[%clk 0:01:53]} 65.Kxf4 {[%clk 0:03:38]}
Kg6 {[%clk 0:02:19]} 1/2-1/2

[Event "Team men PL"]
[Site "Sochi"]
[Date "2020.11.25"]
[Round "6.8"]
[White "Malakhov, Vladimir"]
[Black "Alekseev, Evgeny"]
[Result "1/2-1/2"]
[BlackElo "2615"]
[WhiteElo "2676"]
[LiveChessVersion "1.4.8"]

1.Nf3 {[%clk 1:30:45]} c5 {[%clk 1:30:51]} 2.c4 {[%clk 1:31:08]}
Nc6 {[%clk 1:30:12]} 3.d4 {[%clk 1:31:29]} cxd4 {[%clk 1:30:13]}
4.Nxd4 {[%clk 1:31:55]} e6 {[%clk 1:27:47]} 5.Nc3 {[%clk 1:31:30]}
Nf6 {[%clk 1:27:18]} 6.a3 {[%clk 1:31:44]} Be7 {[%clk 1:25:22]}
7.e4 {[%clk 1:29:50]} O-O {[%clk 1:24:06]} 8.Nf3 {[%clk 1:30:10]}
Qc7 {[%clk 1:23:03]} 9.Be2 {[%clk 1:29:32]} b6 {[%clk 1:21:56]}
10.O-O {[%clk 1:13:42]} Bb7 {[%clk 1:20:54]} 11.Bg5 {[%clk 1:12:23]}
Rad8 {[%clk 1:15:22]} 12.Bh4 {[%clk 1:04:52]} d6 {[%clk 1:05:07]}
13.Rc1 {[%clk 1:03:15]} Qb8 {[%clk 0:57:27]} 14.b4 {[%clk 0:53:54]}
Rfe8 {[%clk 0:50:16]} 15.Qb3 {[%clk 0:50:07]} Ne5 {[%clk 0:45:29]}
16.Nxe5 {[%clk 0:42:29]} dxe5 {[%clk 0:45:36]} 17.Bxf6 {[%clk 0:42:49]}
gxf6 {[%clk 0:40:38]} 18.Rfd1 {[%clk 0:38:10]} Rd4 {[%clk 0:37:41]}
19.Bd3 {[%clk 0:37:04]} Red8 {[%clk 0:33:24]} 20.Ne2 {[%clk 0:35:48]}
R4d7 {[%clk 0:33:47]} 21.Ng3 {[%clk 0:35:22]} Rd4 {[%clk 0:33:38]}
22.Ne2 {[%clk 0:23:42]} R4d7 {[%clk 0:33:56]} 23.Ng3 {[%clk 0:24:09]}
Rd4 {[%clk 0:33:43]} 24.Ne2 {[%clk 0:24:27]} R4d7 {[%clk 0:34:10]} 1/2-1/2

[Event "Team men PL"]
[Site "Sochi"]
[Date "2020.11.25"]
[Round "6.9"]
[White "Kokarev, Dmitry"]
[Black "Predke, Alexandr"]
[Result "1/2-1/2"]
[BlackElo "2696"]
[WhiteElo "2621"]
[LiveChessVersion "1.4.8"]

1.e4 {[%clk 1:30:53]} e5 {[%clk 1:29:42]} 2.Nf3 {[%clk 1:31:13]}
Nc6 {[%clk 1:30:07]} 3.Bb5 {[%clk 1:31:31]} a6 {[%clk 1:30:32]}
4.Ba4 {[%clk 1:31:53]} Nf6 {[%clk 1:30:57]} 5.O-O {[%clk 1:32:13]}
b5 {[%clk 1:29:21]} 6.Bb3 {[%clk 1:32:34]} Bc5 {[%clk 1:29:47]}
7.c3 {[%clk 1:31:59]} d6 {[%clk 1:30:10]} 8.d4 {[%clk 1:32:18]}
Bb6 {[%clk 1:30:35]} 9.a4 {[%clk 1:32:12]} Rb8 {[%clk 1:30:50]}
10.axb5 {[%clk 1:30:54]} axb5 {[%clk 1:29:47]} 11.Na3 {[%clk 1:30:43]}
O-O {[%clk 1:29:57]} 12.Nxb5 {[%clk 1:30:23]} Bg4 {[%clk 1:30:16]}
13.Bc2 {[%clk 1:25:58]} Qd7 {[%clk 1:30:11]} 14.Be3 {[%clk 1:13:51]}
d5 {[%clk 1:09:15]} 15.exd5 {[%clk 0:50:34]} Qxd5 {[%clk 1:09:41]}
16.dxe5 {[%clk 0:49:42]} Bxf3 {[%clk 0:57:12]} 17.Qxf3 {[%clk 0:48:39]}
Qxf3 {[%clk 0:57:22]} 18.gxf3 {[%clk 0:49:01]} Nxe5 {[%clk 0:57:40]}
19.Nd4 {[%clk 0:40:28]} Bxd4 {[%clk 0:56:38]} 20.cxd4 {[%clk 0:40:45]}
Nxf3+ {[%clk 0:56:57]} 21.Kg2 {[%clk 0:41:07]} Nh4+ {[%clk 0:55:59]}
22.Kg3 {[%clk 0:40:57]} Rxb2 {[%clk 0:55:58]} 23.Rac1 {[%clk 0:41:10]}
Ng6 {[%clk 0:55:50]} 24.Bxg6 {[%clk 0:41:10]} fxg6 {[%clk 0:48:52]}
25.Rxc7 {[%clk 0:41:19]} Nd5 {[%clk 0:40:47]} 26.Rcc1 {[%clk 0:41:40]}
Rb6 {[%clk 0:32:20]} 27.Kg2 {[%clk 0:29:18]} h6 {[%clk 0:30:52]}
28.Rb1 {[%clk 0:23:49]} Re6 {[%clk 0:30:43]} 29.Rb3 {[%clk 0:23:45]}
Re4 {[%clk 0:21:06]} 30.h3 {[%clk 0:21:32]} g5 {[%clk 0:20:42]}
31.Rd1 {[%clk 0:21:46]} g4 {[%clk 0:18:34]} 32.hxg4 {[%clk 0:21:46]}
Rxg4+ {[%clk 0:19:01]} 33.Kf1 {[%clk 0:21:55]} Rg3 {[%clk 0:14:36]}
34.Ke2 {[%clk 0:19:19]} Nf4+ {[%clk 0:14:47]} 35.Kd2 {[%clk 0:17:33]}
Rg2 {[%clk 0:13:02]} 36.Rdb1 {[%clk 0:13:16]} Nd5 {[%clk 0:10:40]}
37.Rb8 {[%clk 0:13:23]} Nxe3 {[%clk 0:09:05]} 38.Rxf8+ {[%clk 0:13:44]}
Kxf8 {[%clk 0:09:33]} 39.Kxe3 {[%clk 0:14:07]} Ke7 {[%clk 0:09:05]}
40.Kf3 {[%clk 0:43:58]} Rg5 {[%clk 0:38:41]} 41.Ke4 {[%clk 0:43:41]}
Rg4+ {[%clk 0:37:41]} 42.Ke5 {[%clk 0:42:18]} Rg5+ {[%clk 0:38:05]} 1/2-1/2

[Event "Team men PL"]
[Site "Sochi"]
[Date "2020.11.25"]
[Round "6.10"]
[White "Esipenko, Andrey"]
[Black "Makarian, Rudik"]
[Result "1-0"]
[BlackElo "2441"]
[WhiteElo "2683"]
[LiveChessVersion "1.4.8"]

1.e4 {[%clk 1:30:57]} e5 {[%clk 1:30:24]} 2.Nf3 {[%clk 1:31:19]}
Nc6 {[%clk 1:30:50]} 3.Bb5 {[%clk 1:31:27]} Nf6 {[%clk 1:31:14]}
4.d3 {[%clk 1:31:36]} Bc5 {[%clk 1:31:28]} 5.O-O {[%clk 1:31:55]}
Nd4 {[%clk 1:30:31]} 6.Nxd4 {[%clk 1:32:03]} Bxd4 {[%clk 1:30:54]}
7.c3 {[%clk 1:32:25]} Bb6 {[%clk 1:31:08]} 8.Ba4 {[%clk 1:32:48]}
O-O {[%clk 1:29:40]} 9.Bg5 {[%clk 1:33:09]} d6 {[%clk 1:27:31]}
10.Nd2 {[%clk 1:33:34]} h6 {[%clk 1:13:56]} 11.Bh4 {[%clk 1:33:59]}
g5 {[%clk 1:12:17]} 12.Bg3 {[%clk 1:34:24]} Bg4 {[%clk 1:12:44]}
13.Qe1 {[%clk 1:34:50]} Nh5 {[%clk 1:13:11]} 14.Bd1 {[%clk 1:35:17]}
Qd7 {[%clk 0:56:49]} 15.Nc4 {[%clk 1:24:28]} f5 {[%clk 0:51:34]}
16.Nxb6 {[%clk 1:20:41]} axb6 {[%clk 0:51:40]} 17.f3 {[%clk 1:21:00]}
Bh3 18.gxh3 {[%clk 1:16:29]} f4 {[%clk 0:45:12]} 19.Bf2 {[%clk 1:12:57]}
Qxh3 {[%clk 0:45:26]} 20.Kh1 {[%clk 1:13:08]} Kh8 {[%clk 0:36:20]}
21.Rg1 {[%clk 1:11:33]} Nf6 {[%clk 0:35:46]} 22.Qf1 {[%clk 1:09:04]}
Qh5 {[%clk 0:34:21]} 23.Qg2 {[%clk 1:09:24]} Rae8 {[%clk 0:31:03]}
24.a4 {[%clk 1:05:28]} Rg8 {[%clk 0:26:14]} 25.a5 {[%clk 1:01:53]}
Rg7 {[%clk 0:22:40]} 26.axb6 {[%clk 1:01:45]} cxb6 {[%clk 0:23:07]}
27.h3 {[%clk 0:57:18]} Qf7 {[%clk 0:17:31]} 28.Ra3 {[%clk 0:57:10]}
h5 {[%clk 0:17:41]} 29.Bb3 {[%clk 0:52:27]} Qd7 {[%clk 0:17:35]}
30.Qh2 {[%clk 0:50:33]} Qb5 {[%clk 0:17:37]} 31.Rd1 {[%clk 0:42:37]}
Rf8 {[%clk 0:15:53]} 32.Be1 {[%clk 0:40:56]} Qc6 {[%clk 0:13:21]}
33.Rda1 {[%clk 0:38:12]} d5 {[%clk 0:13:01]} 34.Ra8 {[%clk 0:36:22]}
Rxa8 {[%clk 0:13:03]} 35.Rxa8+ {[%clk 0:36:46]} Kh7 {[%clk 0:13:31]}
36.exd5 {[%clk 0:28:18]} Nxd5 {[%clk 0:13:53]} 37.d4 {[%clk 0:28:34]}
Ne3 {[%clk 0:09:47]} 38.Bc2+ {[%clk 0:26:35]} Rg6 {[%clk 0:09:19]}
39.Be4 {[%clk 0:24:23]} Qc4 {[%clk 0:08:45]} 40.Qg1 {[%clk 0:54:16]}
Qe2 {[%clk 0:39:00]} 41.Qf2 {[%clk 0:54:19]} 1-0